Statistics for Governors of Florida Quiz

Click here to take the quiz!

General Stats

  • This quiz has been taken 69 times
  • The average score is 12 of 51

Answer Stats

YearsGovernor% Correct
1999–2007Jeb Bush
91%
2019–Ron DeSantis
91%
2011–2019Rick Scott
80%
2007–2011Charlie Crist
69%
1821Andrew Jackson
41%
1979–1987Bob Graham
33%
1991–1998Lawton Chiles
33%
1953–1955Charley Eugene Johns
31%
1925–1929John W. Martin
28%
1987–1991Bob Martinez
26%
1905–1909Napoleon B. Broward
22%
1917–1921Sidney Johnston Catts
22%
1822–1834William Pope Duval
22%
1909–1913Albert W. Gilchrist
20%
1998–1999Buddy MacKay
20%
1849–1853Thomas Brown
20%
1961–1965C. Farris Bryant
19%
1885–1889Edward A. Perry
19%
1834–1836John Eaton
19%
1857–1861Madison S. Perry
19%
1971–1979Reubin Askew
19%
1836–1839,
1841–1844
Richard K. Call
19%
1865Abraham K. Allison
17%
1967–1971Claude R. Kirk Jr.
17%
1865–1868Davis S. Walker
17%
1929–1933Doyle E. Carlton
17%
1949–1953Fuller Warren
17%
1853–1957James E. Broome
17%
1861–1865John Milton
17%
1955–1961LeRoy Collins
17%
1873–1874Ossian B. Hart
17%
1913–1917Park Trammell
17%
1941–1945Spessard Holland
17%
1881–1885,
1897–1901
William D. Bloxham
17%
1865William Marvin
17%
1901–1905William Sherman
Jennings
17%
1921–1925Cary A. Hardee
15%
1953Daniel T. McCarty
15%
1933–1937Davis Sholtz
15%
1889–1893Francis P. Fleming
15%
1937–1941Fred P. Cone
15%
1877–1881George Franklin Drew
15%
1868–1873Harrison Reed
15%
1893–1897Henry L. Mitchell
15%
1844–1845John Branch
15%
1874–1877Marcellus Stearns
15%
1945–1949Millard Caldwell
15%
1839–1841Robert R. Reid
15%
1987Wayne Mixson
15%
1965–1967W. Haydon Burns
15%
1845–1849William Dunn Moseley
15%

Score Distribution

Percentile by Number Answered

Percent of People with Each Score

Your Score History

You have not taken this quiz